備後落合駅時刻表(平日) - Statistics

General Stats
  • This quiz has been taken 4 times
  • The average score is 7 of 11
Answer Stats
路線 % Correct
芸備線東城・新見方面 14 39
100%
芸備線東城・新見方面 20 40
75%
芸備線備後庄原・塩町方面 14 40
75%
芸備線東城・新見方面 6 41
75%
木次線出雲横田・木次方面 14 44
75%
芸備線備後庄原・塩町方面 9 12
50%
芸備線備後庄原・塩町方面 17 14
50%
芸備線備後庄原・塩町方面 19 18
50%
木次線出雲横田・木次方面 9 20
50%
芸備線備後庄原・塩町方面 6 41
50%
木次線出雲横田・木次方面 17 41
50%
No matching quizzes found
Score Distribution
Percent of People with Each Score
Percentile by Number Answered
Your Score History
You have not taken this quiz